000 00914cam a2200205 4500
001 ABS61208
008 000000n1999 000 0 eng u
035 _a(Sirsi) u101805
245 _aAlston (J) & Sons Ltd v Highways Agency
260 _c1999
490 _aRating and Valuation Reporter
_v[1999] 39 RVR 175-184(10)
520 _aLT 16 December 1998. At issue was the compensation payable for 22.91 acres of land on an arable farm compulsorily purchased by the Highways Agency in 1994. The compensation was set at £212 000.
650 _aCompulsory purchase
_96228
650 _aHIGHWAYS AGENCY
650 _aPROPERTY-RURAL AND NATURAL ASSETS-AGRICULTURAL PROPERTY-AGRICULTURAL LAND-ARABLE LAND
650 _aCOMPENSATION
650 _aJ ALSTON AND SONS LTD V HIGHWAYS AGENCY
690 _aENVIRONMENTAL AND LAND CONSULTANCY-PLANNING AND DEVELOPMENT-COMPULSORY PURCHASE AND COMPENSATION
942 _n0
999 _c60918
_d60918